Etiqueta de registo: 00795cdc 02200229 04500
001 68145
003 http://id.bnportugal.gov.pt/bib/catbnp/68145
005 19981117174100.0
095 ## $aPTBN00070525
100 ## $a19950301d1956 d y0pora0103 ba
101 0# $apor
102 ## $aPT
200 1# $a O castelo da maldição e outros contos infantis$fFernando de Castro Pires de Lima$gdes. Laura Costa
210 #9 $aPorto$cInfantil Majora$d[D.L. 1956]
215 ## $a40 p.$cil.$d20 cm
225 2# $aVarinha mágica$v4
317 ## $aColeção Leandro de Moraes Sarmento$5PTBN: L.M.S. 844
482 #1 $100168205$aLima, -Fernando de Castro Pires de, -1908-1973$t Os três príncipes$cPorto.Infantil Majora,$d[19--]$5PTBN: P.6032//1 P.
675 ## $a087.5$vBN$zpor$3287999
675 ## $a821.134.3-93"19"$vBN$zpor$3556734
675 ## $a821.134.3-34"19"$vBN$zpor$3294228
700 #1 $aLima$bFernando de Castro Pires de$f1908-1973$374477
702 #1 $aCosta$bLaura$f1910-1992$4440$352786
801 #0 $aPT$bBN$gRPC
966 ## $lBN$mFGMON$pBiblioteca particular Leandro de Moraes Sarmento$sL.M.S. 844 $x3
998 ## $aCR039 - 00113